Southville International School and Colleges
Your cart is empty.
  • Cart
  • Lists
    Public lists Eva Luna New books Lux_list list_1
    Your lists Log in to create your own lists
  • Log in to your account
  • Your cookies
  • Search history
Southville International School and Colleges
  • Advanced search
  • Recent comments
  • Most popular
  • Libraries

Log in to your account

Log in with GOOGLE


If you do not have an external account, but do have a local account, you can still log in:

  1. Home
  2. MARC view: APA style simplified :
Normal view MARC view ISBD view

APA style simplified : (Record no. 276762)

[ view plain ]
MARC details
000 -LEADER
fixed length control field 02580cam a2200373 a 4500
001 - CONTROL NUMBER
control field 17059528
003 - CONTROL NUMBER IDENTIFIER
control field PILC
005 - DATE AND TIME OF LATEST TRANSACTION
control field 20160216081543.0
008 - FIXED-LENGTH DATA ELEMENTS--GENERAL INFORMATION
fixed length control field 111128s2012 maua b 001 0 eng
010 ## - LIBRARY OF CONGRESS CONTROL NUMBER
LC control number 2011049167
020 ## - INTERNATIONAL STANDARD BOOK NUMBER
International Standard Book Number 9780470672327 (hardback)
020 ## - INTERNATIONAL STANDARD BOOK NUMBER
International Standard Book Number 9780470671238 (paperback)
040 ## - CATALOGING SOURCE
Original cataloging agency DLC
Transcribing agency DLC
Modifying agency DLC
042 ## - AUTHENTICATION CODE
Authentication code pcc
050 00 - LIBRARY OF CONGRESS CALL NUMBER
Classification number BF 76.7
Item number .B447 2012
082 00 - DEWEY DECIMAL CLASSIFICATION NUMBER
Classification number 808.06/615
084 ## - OTHER CLASSIFICATION NUMBER
Classification number PSY000000
Source of number bisacsh
100 1# - MAIN ENTRY--PERSONAL NAME
Personal name Beins, Bernard.
245 10 - TITLE STATEMENT
Title APA style simplified :
Remainder of title writing in psychology, education, nursing, and sociology /
Statement of responsibility, etc Bernard C. Beins.
250 ## - EDITION STATEMENT
Edition statement 1st edition.
260 ## - PUBLICATION, DISTRIBUTION, ETC. (IMPRINT)
Place of publication, distribution, etc Malden, MA :
Name of publisher, distributor, etc Wiley-Blackwell,
Date of publication, distribution, etc 2012.
300 ## - PHYSICAL DESCRIPTION
Extent x, 202 pages :
Other physical details illustrations ;
Dimensions 24 cm.
500 ## - GENERAL NOTE
General note Includes bibliographical references and indexes.
504 ## - BIBLIOGRAPHY, ETC. NOTE
Bibliography, etc Includes bibliographical references and index.
520 ## - SUMMARY, ETC.
Summary, etc "This is a compact but comprehensive guide to writing clearly and effectively in APA style. Demonstrates how to write objective scientific research papers using interesting prose Incorporates guidelines from the 6th edition of the APA publication manual Explores how to develop ideas, connect them to what others have written, and express them clearly Discusses the differences between written, oral, and poster presentations and offers instructions for applying APA style to each"--
520 ## - SUMMARY, ETC.
Summary, etc "In APA Style Simplified, experienced teacher and writer Bernard C. Beins guides young scholars through the labyrinth of APA style. He highlights the major elements of APA style and shows how to generate a coherent manuscript. Beins also explores how to develop ideas, connect them to what others have written, and express them in a style that reflects a sophisticated knowledge of the subject area. In addition, he features a sample manuscript showing common deviations from APA style, and how to correct these problems. An essential resource for those working on research papers, dissertations, and manuscripts within relevant subject areas, APA Style Simplified is a compact but comprehensive guide to writing clearly and effectively"--
650 #0 - SUBJECT ADDED ENTRY--TOPICAL TERM
Topical term or geographic name as entry element Psychology
General subdivision Authorship.
650 #0 - SUBJECT ADDED ENTRY--TOPICAL TERM
Topical term or geographic name as entry element Psychology
General subdivision Authorship
Form subdivision Style manuals.
650 #0 - SUBJECT ADDED ENTRY--TOPICAL TERM
Topical term or geographic name as entry element Social sciences
General subdivision Authorship
Form subdivision Style manuals.
650 #7 - SUBJECT ADDED ENTRY--TOPICAL TERM
Topical term or geographic name as entry element PSYCHOLOGY / General
Source of heading or term bisacsh.
906 ## - LOCAL DATA ELEMENT F, LDF (RLIN)
a 7
b cbc
c orignew
d 1
e ecip
f 20
g y-gencatlg
942 ## - ADDED ENTRY ELEMENTS (KOHA)
Source of classification or shelving scheme Library of Congress Classification
Koha item type Books
Call number prefix Foreign
Holdings
Withdrawn status Lost status Source of classification or shelving scheme Damaged status Home library Current library Shelving location Date acquired Source of acquisition Total Checkouts Total Renewals Full call number Barcode Date last seen Date checked out Price effective from Koha item type
    Library of Congress Classification   College Library College Library Reserve Section 11/10/2014 Library Fund 4 31 BF 76.7 .B447 2012 C18881 09/27/2018 09/21/2018 11/10/2014 Books

APA style simplified :

APA

Beins B., . (2012). APA style simplified. Malden, MA: Wiley-Blackwell.

Chicago

Beins Bernard, . 2012. APA style simplified. Malden, MA: Wiley-Blackwell.

Harvard

Beins B., . (2012). APA style simplified. Malden, MA: Wiley-Blackwell.

MLA

Beins Bernard, . APA style simplified. Malden, MA: Wiley-Blackwell. 2012.

  • Place hold
  • Print
  • Cite
  • Add to your cart (remove)
  • Save record
    BIBTEX Dublin Core MARCXML MARC (non-Unicode/MARC-8) MARC (Unicode/UTF-8) MARC (Unicode/UTF-8, Standard) MODS (XML) RIS
  • More searches
    Search for this title in:
    Other Libraries (WorldCat) Other Databases (Google Scholar) Online Stores (Bookfinder.com) Open Library (openlibrary.org)

Exporting to Dublin Core...

SOUTHVILLE LIBRARY

Southville International School and Colleges Library

1281 Tropical Ave. Cor. Luxembourg St., BF Homes International, Las Pinas City

Tel. No. 8256374 / 252358 Loc. 117/146

Powered by Koha